Fruitful life : (Record no. 9890)

MARC details
000 -LEADER
fixed length control field 00505nam a22001697a 4500
003 - CONTROL NUMBER IDENTIFIER
control field GBCCL
005 - DATE AND TIME OF LATEST TRANSACTION
control field 20241126110721.0
008 - FIXED-LENGTH DATA ELEMENTS--GENERAL INFORMATION
fixed length control field 230818b ||||| |||| 00| 0 eng d
040 ## - CATALOGING SOURCE
Transcribing agency gbc
082 ## - DEWEY DECIMAL CLASSIFICATION NUMBER
Classification number 227.7007
Item number MAC
100 ## - MAIN ENTRY--PERSONAL NAME
Personal name MacArthur, John
9 (RLIN) 8028
245 ## - TITLE STATEMENT
Title Fruitful life :
Remainder of title Study Notes Colossians 1:24-2:23 /
Statement of responsibility, etc. John MacArthur
260 ## - PUBLICATION, DISTRIBUTION, ETC.
Place of publication, distribution, etc. Panorama:
Name of publisher, distributor, etc. Word of Grace Communication,
Date of publication, distribution, etc. 1983
300 ## - PHYSICAL DESCRIPTION
Extent 126p. ;
650 ## - SUBJECT ADDED ENTRY--TOPICAL TERM
Topical term or geographic name entry element Bible
Form subdivision New Testament
General subdivision Colossians
-- Study
9 (RLIN) 17200
942 ## - ADDED ENTRY ELEMENTS (KOHA)
Source of classification or shelving scheme Dewey Decimal Classification
Koha item type Books
Holdings
Withdrawn status Lost status Source of classification or shelving scheme Damaged status Not for loan Home library Current Library Shelving location Date acquired Total checkouts Full call number Barcode Date last seen Copy number Price effective from Koha item type
    Dewey Decimal Classification     GRACE BIBLE COLLEGE GRACE BIBLE COLLEGE Biblical Studies 2023-08-18   227.7007 MAC 020448 2025-05-01 c.1 2023-08-18 Books
© Grace Bible College Library 2025